[Event "Florianopolis Regional STD op"]
[Site "Florianopolis"]
[Date "2018.10.12"]
[Round "2"]
[White "Izidro, Paulo Ricardo"]
[Black "Dias, Juliane de Oliveira"]
[Result "0-1"]
[WhiteElo "1244"]
[BlackElo "1726"]
[PlyCount "54"]
[EventDate "2018.10.12"]
[EventType "swiss"]
[EventRounds "6"]
[EventCountry "BRA"]
[SourceTitle "CBM 186 Extra"]
[Source "ChessBase"]
[SourceDate "2018.08.24"]
[SourceVersion "1"]
[SourceVersionDate "2018.08.24"]
[SourceQuality "1"]

1. e4 c5 2. Bc4 e6 3. Nf3 d5 4. exd5 exd5 5. Bb5+ Bd7 6. Bxd7+ Nxd7 7. 0-0 Bd6 8. Re1+ Ne7 9. d4 0-0 10. Nc3 cxd4 11. Qxd4 Bc5 12. Qg4 Nf6 13. Qf4 Ng6 14. Qf5 Qb6 15. Be3 Bxe3 16. fxe3 Qxb2 17. Nxd5 Nxd5 18. Qxd5 Qxc2 19. Rac1 Qa4 20. Qc4 Qa5 21. a4 Ne5 22. Nxe5 Qxe5 23. Qd4 Qa5 24. Kf2 Rad8 25. Qc4 Rfe8 26. Red1 Rd2+ 27. Kf3 Qh5+ 0-1

[Event "Florianopolis Winter U220 op"]
[Site "Florianopolis"]
[Date "2016.08.20"]
[Round "5"]
[White "Izidro, Paulo Ricardo"]
[Black "Cezar, Ricardo de Almeida"]
[Result "0-1"]
[WhiteElo "1731"]
[BlackElo "1507"]
[PlyCount "46"]
[EventDate "2016.08.19"]
[EventType "swiss"]
[EventRounds "7"]
[EventCountry "BRA"]
[SourceTitle "CBM 174 Extra"]
[Source "ChessBase"]
[SourceDate "2016.10.10"]
[SourceVersion "1"]
[SourceVersionDate "2016.10.10"]
[SourceQuality "1"]

1. e4 e5 2. Nf3 Nf6 3. Nc3 Nc6 4. d4 d6 5. Bb5 Bd7 6. 0-0 g6 7. d5 Ne7 8. Bxd7+ Nxd7 9. Bg5 Bg7 10. Nb5 a6 11. Bxe7 Kxe7 12. Nc3 Re8 13. Qd2 Kf8 14. Ng5 Kg8 15. Nh3 Rf8 16. f4 exf4 17. Qxf4 Ne5 18. Rf2 Qd7 19. Raf1 Ng4 20. Rf3 Be5 21. Qg5 Nxh2 22. Qh6 Nxf3+ 23. Rxf3 f6 0-1